[Event "SVK-ch U12 Girls"]
[Site "Dudince"]
[Date "2023.04.20"]
[Round "6"]
[White "Salokova, Stela"]
[Black "Stauderova, Alica"]
[Result "1-0"]
[WhiteElo "1079"]
[BlackElo "1000"]
[PlyCount "71"]
[EventDate "2023.04.16"]
[EventType "swiss"]
[EventRounds "9"]
[EventCountry "SVK"]
[SourceTitle "CBM 213 Extra"]
[Source "ChessBase"]
[SourceDate "2023.05.31"]
[SourceVersion "1"]
[SourceVersionDate "2023.05.31"]
[SourceQuality "1"]

1. e4 c5 2. Nf3 d6 3. d4 cxd4 4. Nxd4 e5 5. Nf3 g6 6. Nc3 Bg7 7. Be3 Qa5 8. Qd2 Nc6 9. Qxd6 Bf8 10. Qd1 Bb4 11. Bd2 Bg4 12. Bb5 a6 13. Bxc6+ bxc6 14. a3 Bxf3 15. Qxf3 Bc5 16. 0-0 Be7 17. Qe2 Nf6 18. Nd5 cxd5 19. Bxa5 dxe4 20. f3 Bc5+ 21. Kh1 Nh5 22. Qxe4 Nf4 23. Qxa8+ Ke7 24. Qxh8 Bd4 25. c3 Bc5 26. Qxe5+ Ne6 27. Bb4 f6 28. Bxc5+ Kf7 29. Qd5 Kg7 30. Qd7+ Kg8 31. Qxe6+ Kh8 32. Qe7 h6 33. Qxf6+ Kh7 34. Rfe1 a5 35. Bf8 Kg8 36. Qg7# 1-0